00194nam a22000857a 4500082002100000100001600021245003800037260002400075300000900099 a621.389324 LLO'A aLLOYD, J. M aTHE ALL IN ONE TAPE RECORDER BOOK aLONDONbFOCALc1965 a212P